000 00515nam a2200181Ia 4500
005 20250326130220.0
008 250326s9999 xx 000 0 und d
037 _aTextbook
040 _aFMSL
_beng
_cFMSL
041 _aeng
_2eng
084 _aX:8p7381 L0
_qFMSL
100 _aHaimann T
245 0 _aManagement in the modern organization
_cHaimann T; Scott W G
260 _aBoston
_bBoston, Houghton Mifflin
_c1970
300 _a604p
942 _cTB
_hX:8p7381 L0
999 _c1281496
_d1281496